[Event "Wuertemberg-ch U14"]
[Site "Germany"]
[Date "2004.04.17"]
[Round "7"]
[White "Lang, Tobias"]
[Black "Pogan, Nikolas"]
[Result "1/2-1/2"]
[WhiteElo "1393"]
[BlackElo "1074"]
[PlyCount "136"]
[EventDate "2004.04.??"]
[EventType "swiss"]
[EventRounds "7"]
[EventCountry "GER"]
[SourceTitle "EXT 2005"]
[Source "ChessBase"]
[SourceDate "2004.11.15"]
[SourceVersion "1"]
[SourceVersionDate "2004.11.15"]
[SourceQuality "1"]

1. e4 c5 2. Nf3 Nf6 3. Nc3 Nc6 4. d4 cxd4 5. Nxd4 g6 6. Be3 Bg7 7. Bb5 0-0 8. 0-0 e6 9. Qd2 Qc7 10. Rad1 Ng4 11. Bf4 e5 12. Nxc6 dxc6 13. Bg5 cxb5 14. Nd5 Qc5 15. Be7 Qc6 16. Bxf8 Bxf8 17. h3 Nf6 18. Qg5 Nxd5 19. Rxd5 f6 20. Qd2 Be6 21. Rd8 Rxd8 22. Qxd8 Kg7 23. Rd1 Qxc2 24. Rd2 Qc8 25. Qd3 a6 26. Kh2 Kf7 27. Rc2 Qd7 28. Qc3 b4 29. Qe3 Qd4 30. Rc7+ Kg8 31. Qf3 Qb6 32. Rc2 Qd8 33. b3 a5 34. Qe2 Qd7 35. Rd2 Qe8 36. Qe3 Qc6 37. Qe2 b6 38. Rc2 Bc5 39. f3 Kf7 40. Qd2 Qd7 41. Qh6 Kg8 42. Qc1 Kg7 43. Rd2 Qe8 44. Qd1 Qe7 45. Qe2 f5 46. exf5 Bxf5 47. Rd5 Qc7 48. g4 e4+ 49. Kg2 exf3+ 50. Qxf3 Bd7 51. Qg3 Qxg3+ 52. Kxg3 Bc6 53. Rd2 Kf6 54. Re2 h6 55. h4 h5 56. gxh5 gxh5 57. Rd2 Kf5 58. Rd8 Ke4 59. Rh8 Bd6+ 60. Kf2 Bc5+ 61. Kg3 Kd3 62. Rxh5 Kc2 63. Rh6 Bb5 64. Rf6 Kb2 65. h5 Kxa2 66. h6 Kxb3 67. h7 Bd4 68. h8Q Bxf6 1/2-1/2

[Event "Wuertemberg-ch U14"]
[Site "Germany"]
[Date "2004.04.13"]
[Round "1"]
[White "Schloetzer, Waldemar"]
[Black "Lang, Tobias"]
[Result "1-0"]
[WhiteElo "1893"]
[BlackElo "1393"]
[PlyCount "67"]
[EventDate "2004.04.??"]
[EventType "swiss"]
[EventRounds "7"]
[EventCountry "GER"]
[SourceTitle "EXT 2005"]
[Source "ChessBase"]
[SourceDate "2004.11.15"]
[SourceVersion "1"]
[SourceVersionDate "2004.11.15"]
[SourceQuality "1"]

1. d4 d5 2. c4 e6 3. Nc3 Nf6 4. cxd5 exd5 5. Bg5 Be7 6. e3 0-0 7. Bd3 Nc6 8. a3 Re8 9. Qc2 Ne4 10. Bxe7 Qxe7 11. Nxd5 Qd6 12. Bxe4 f5 13. Bf3 Nxd4 14. Qd2 Nb3 15. Qc3 Nxa1 16. Nxc7 Bd7 17. Nxe8 Rxe8 18. b4 Qe5 19. Qxe5 Rxe5 20. Kd2 Ba4 21. Nh3 Nb3+ 22. Kc3 Re7 23. Bd1 Rc7+ 24. Kb2 Nc1 25. Bxa4 Nd3+ 26. Ka2 Nc1+ 27. Kb1 Nd3 28. Rd1 Rc3 29. Bc2 Ne5 30. Kb2 Rc7 31. Bb3+ Kf8 32. Rd5 Nc4+ 33. Bxc4 Rxc4 34. Rxf5+ 1-0

[Event "Wuerttemberg-ch U14"]
[Site "Stuttgart"]
[Date "2003.04.26"]
[Round "7"]
[White "Lang, Tobias"]
[Black "Kissling, David"]
[Result "1/2-1/2"]
[WhiteElo "1158"]
[BlackElo "1370"]
[PlyCount "49"]
[EventDate "2003.04.??"]
[EventType "swiss"]
[EventRounds "7"]
[EventCountry "GER"]
[SourceTitle "EXT 2005"]
[Source "ChessBase"]
[SourceDate "2004.11.15"]
[SourceVersion "1"]
[SourceVersionDate "2004.11.15"]
[SourceQuality "1"]

1. e4 Nf6 2. Nc3 d5 3. exd5 Nxd5 4. d3 Nxc3 5. bxc3 g6 6. Bd2 Bg7 7. Be2 0-0 8. Nf3 Nc6 9. h3 e6 10. 0-0 b6 11. Nh2 Bb7 12. Bf3 Rb8 13. Rb1 Qe7 14. Qc1 Rfe8 15. Bg5 Qd7 16. Ng4 Ne5 17. Nf6+ Bxf6 18. Bxf6 Nxf3+ 19. gxf3 Qd6 20. Qh6 Qf8 21. Qf4 c5 22. Be5 f6 23. Bxb8 Rxb8 24. Rfe1 e5 25. Qe3 1/2-1/2

[Event "BEM-ch U14"]
[Site "Vaihingen/Enz"]
[Date "2003.01.18"]
[Round "1"]
[White "Mueller, Tobias"]
[Black "Lang, Tobias"]
[Result "1-0"]
[WhiteElo "1348"]
[BlackElo "1158"]
[PlyCount "119"]
[EventDate "2003.01.??"]
[EventType "swiss"]
[EventRounds "7"]
[EventCountry "GER"]
[SourceTitle "EXT 2005"]
[Source "ChessBase"]
[SourceDate "2004.11.15"]
[SourceVersion "1"]
[SourceVersionDate "2004.11.15"]
[SourceQuality "1"]

1. e4 e5 2. Nf3 Nc6 3. Bc4 Bc5 4. Nc3 Nf6 5. 0-0 0-0 6. d3 d6 7. h3 h6 8. a3 a6 9. b4 Ba7 10. Bb3 Nd4 11. Nxd4 Bxd4 12. Bd2 Be6 13. Rb1 d5 14. Nxd5 Nxd5 15. exd5 Bxd5 16. Bxd5 Qxd5 17. Qg4 Qd6 18. c3 Ba7 19. Rfe1 Qg6 20. Re4 f5 21. Qxg6 fxe4 22. Rf1 Rf6 23. Qxe4 Raf8 24. d4 exd4 25. cxd4 Rf5 26. Be3 c6 27. Qe7 R8f7 28. Qd8+ Rf8 29. Qc7 R8f7 30. Qc8+ Rf8 31. Qxb7 R5f7 32. Qxa6 Rf6 33. Qxa7 Rd6 34. Qc5 Rdd8 35. Qxc6 Ra8 36. Qc4+ Kh8 37. Qc3 Rfc8 38. Qd3 Rc7 39. d5 Rd7 40. b5 Rb8 41. a4 Ra8 42. Qd4 h5 43. b6 Kh7 44. Qe5 g6 45. Qe6 Rb7 46. Qc6 Rbb8 47. b7 Ra7 48. Qc7+ Kg8 49. Qxb8+ Kf7 50. Qxa7 g5 51. b8R+ Kf6 52. Qd4+ Kg6 53. Qe5 g4 54. Rb6+ Kf7 55. Rf6+ Kg8 56. Qg5+ Kh8 57. Qxh5+ Kg7 58. Qg5+ Kh8 59. Bd4 g3 60. Rf7# 1-0